The dance of anger : (Record no. 537)

MARC details
000 -LEADER
fixed length control field 00813cam a2200253 a 4500
005 - DATE AND TIME OF LATEST TRANSACTION
control field 20260322212024.0
008 - FIXED-LENGTH DATA ELEMENTS--GENERAL INFORMATION
fixed length control field data
010 ## - LIBRARY OF CONGRESS CONTROL NUMBER
LC control number 98216117
020 ## - INTERNATIONAL STANDARD BOOK NUMBER
International Standard Book Number 006091565X
020 ## - INTERNATIONAL STANDARD BOOK NUMBER
International Standard Book Number 9780060915650
040 ## - CATALOGING SOURCE
Original cataloging agency DLC
Transcribing agency DLC
Modifying agency DLC
050 00 - LIBRARY OF CONGRESS CALL NUMBER
Classification number BF575.A5
Item number L47 1986
092 ## - LOCALLY ASSIGNED DEWEY CALL NUMBER (OCLC)
Classification number 152.4 L47 1986
001 - CONTROL NUMBER
control field data
100 1# - MAIN ENTRY--PERSONAL NAME
Personal name Lerner, Harriet Goldhor.
245 14 - TITLE STATEMENT
Title The dance of anger :
Remainder of title a woman's guide to changing the patterns of intimate relationships /
Statement of responsibility, etc. Harriet Goldhor Lerner.
260 ## - PUBLICATION, DISTRIBUTION, ETC.
Place of publication, distribution, etc. New York :
Name of publisher, distributor, etc. Perennial Library,
Date of publication, distribution, etc. 1986
Date of manufacture (1989 printing)
300 ## - PHYSICAL DESCRIPTION
Extent xii, 239 p. :
Other physical details ill. ;
Dimensions 21 cm.
500 ## - GENERAL NOTE
General note Includes index.
650 #0 - SUBJECT ADDED ENTRY--TOPICAL TERM
Topical term or geographic name entry element Anger.
650 #0 - SUBJECT ADDED ENTRY--TOPICAL TERM
Topical term or geographic name entry element Interpersonal relations.
650 #0 - SUBJECT ADDED ENTRY--TOPICAL TERM
Topical term or geographic name entry element Women
General subdivision Psychology.
856 42 - ELECTRONIC LOCATION AND ACCESS
Materials specified Publisher description
Uniform Resource Identifier <a href="http://www.loc.gov/catdir/description/hc042/98216117.html">http://www.loc.gov/catdir/description/hc042/98216117.html</a>
Holdings
Withdrawn status Lost status Damaged status Not for loan Home library Current library Shelving location Date acquired Total checkouts Full call number Barcode Date last seen Price effective from Koha item type
        Franklin Franklin General stacks 22/03/2026   BF575.A5 L47 1986 BC0010550 22/03/2026 22/03/2026 Books